Čo rozhoduje pri kúpe traktora?

Bibliographic Details
Main Author: Modráček, Marek (Author)
Format: Article
Language:Slovak
Subjects:

MARC

LEADER 00000nab a2200000 ar4500
001 vtls010107348
003 SK-MaSNL
005 20260303080808.0
008 100617c20100507xo ||||||||||||00 b|slo
015 |a SNBRB2010/06  |2 snkbucl 
038 |a SNKBUCL 
040 |a SNKBUCL  |b slo  |c SNKBUCL  |e AACR2 
041 0 |a slo 
044 |a xo  |c SK 
080 |a 631.372  |2 1997 
100 1 |a Modráček, Marek  |4 aut  |9 1038888 
245 1 0 |a Čo rozhoduje pri kúpe traktora?  |c Marek Modráček 
650 0 7 |a traktory  |2 snkbucl  |9 26007 
650 0 7 |a kúpa  |2 snkbucl  |9 877582 
773 0 |t Sme. Roľnícke noviny  |g Č. 104 (7.5.2010)  |x 1335-440X 
773 0 8 |i Príl.:  |t Roľnícke noviny  |g Č. 19 (5.5.2010), s. 15 
852 |a SNK  |b KIS3GCP 
999 |c 1782012  |d 1783942